Statistics for They Shoot Pictures, Don't They? - films 641 to 660

Click here to take the quiz!

General Stats

  • This quiz has been taken 20 times
  • The average score is 8 of 20

Answer Stats

Answer% Correct
Bambi
100%
Rocky
94%
Titanic
82%
Zodiac
65%
The Wicker Man
59%
Scarface
47%
Down by Law
41%
Hoop Dreams
41%
Amour
29%
The Lady Vanishes
29%
Bring Me the Head of Alfredo Garcia
24%
Rebecca
24%
Strike
24%
The Watermelon Woman
24%
Farewell, my Concubine
18%
Casque d'or
12%
Colossal Youth
12%
Fat City
12%
Nazarín
12%
They Live by Night
12%

Score Distribution

Percentile by Number Answered

Percent of People with Each Score

Your Score History

You have not taken this quiz